Política económica
Guardat en:
| Autors principals: | , |
|---|---|
| Altres autors: | |
| Format: | Llibre |
| Idioma: | espanyol |
| Publicat: |
Madrid
McGraw-Hill Interamericana de España
2002
|
| Edició: | 3a. ed |
| Matèries: | |
| Etiquetes: |
Afegir etiqueta
Sense etiquetes, Sigues el primer a etiquetar aquest registre!
|
MARC
| LEADER | 00000nam a2200000 a 4500 | ||
|---|---|---|---|
| 001 | UCL0457 | ||
| 003 | CL-VaPUC | ||
| 008 | 030718e20020000SP |||||||||||||||||spa|d | ||
| 020 | |a 8448137604 | ||
| 082 | 0 | 4 | |a 330.1 |b FER |2 21 |
| 100 | 0 | |a Fernández Díaz, Andrés |e author |9 477147 | |
| 700 | |a Parejo Gámir, José Alberto |e autor |9 477148 | ||
| 700 | 0 | |a Rodríguez Sáiz, Luis |e author |9 477149 | |
| 245 | 1 | 0 | |a Política económica |
| 250 | |a 3a. ed | ||
| 300 | |a 566 p | ||
| 942 | |c BK | ||
| 945 | |d 20030718 00:00:00 |a cmena | ||
| 260 | |a Madrid |b McGraw-Hill Interamericana de España |c 2002 | ||
| 650 | 0 | |a Economía |9 255568 | |
| 650 | 0 | |a Teoría económica |9 315055 | |
| 583 | |a last modification |c 20030718 00:00:00 |k Rodrigo Vera | ||
| 999 | |c 304325 |d 304323 | ||
| 952 | |0 0 |1 0 |4 0 |6 330_100000000000000_FER_2002 |7 0 |8 A |9 366344 |a BIBENE |b BIBENE |d 2019-11-21 |i 3922030 |o 330.1 FER 2002 |p 3922030 |r 2025-01-15 |w 2019-11-21 |y BK |k ICO | ||